00763cam a22002411 450000100060000000300080000600500170001400800390003103500190007004000230008904100080011208200210012010000330014124500920017426000450026630000210031149000300033250000170036265100320037965100470041170000280045870000350048626537BD-RjUL20211209051030.0140322s1933 ii 000 0 eng a(BD-RjUL)26607 aDLCcDLCdDLCbeng aeng a954.08bMAR 19331 aAnand, Mulk Raj,d1905-2004.10aMarx and Engels on India :bwith appendices /cEdited with a preface by Mulk Raj Anand. aAllahabad,bSocialist Book Clubc[1933?] a154 p. ;c19 cm.0 aS.B.C. publicationvno. 4 aCover title. 0aIndiaxEconomic conditions. 0aIndiaxPolitics and governmenty1765-1947.1 aMarx, Karl,d1818-1883.1 aEngels, Friedrich,d1820-1895.